| 000 | 00586nam a2200217Ia 4500 | ||
|---|---|---|---|
| 005 | 20250923145328.0 | ||
| 008 | 008 250917s9999 xx 000 0 eng d | ||
| 037 | _aTextual | ||
| 040 |
_aDSWL _beng _cDSWL |
||
| 041 |
_aeng _2eng |
||
| 084 |
_aYX,ZFx, N74;1 _qDSWL |
||
| 245 | 0 |
_aCommunity work _cEd. by D. Jones |
|
| 260 |
_aLondon _bRoutledge & Kegan Paul _c1974 |
||
| 300 | _axvi,277p. | ||
| 365 |
_aINR _b34 . 92 |
||
| 490 | _vVol. 1 | ||
| 700 |
_a M. Mayo _9834126 |
||
| 925 | _g34 . 92 | ||
| 942 |
_cTEXL _hYX,ZFx, N74;1 |
||
| 999 |
_c1450054 _d1450054 |
||